| 000 | 01247nam a2200301 a 4500 | ||
|---|---|---|---|
| 001 | ebr10257790 | ||
| 003 | CaPaEBR | ||
| 006 | m u | ||
| 007 | cr cn||||||||| | ||
| 008 | 040714s2005 nhua sb 001 0 eng | ||
| 010 | _z 2004056834 | ||
| 020 | _z1578082919 | ||
| 040 |
_aCaPaEBR _cCaPaEBR |
||
| 035 | _a(OCoLC)300848485 | ||
| 050 | 1 | 4 |
_aQL637.9.S5 _bD56 2005eb |
| 082 | 0 | 4 |
_a597/.49 _222 |
| 100 | 1 | _aDiogo, Rui. | |
| 245 | 1 | 0 |
_aMorphological evolution, aptations, homoplasies, constraints and evolutionary trends _h[electronic resource] : _bcatfishes as a case study on general phylogeny and macroevolution / _cRui Diogo. |
| 260 |
_aEnfield, NH : _bScience Publishers, _cc2005. |
||
| 300 |
_ax, 491 p. : _bill. |
||
| 504 | _aIncludes bibliographical references (p. [461]-480) and index. | ||
| 533 |
_aElectronic reproduction. _bPalo Alto, Calif. : _cebrary, _d2013. _nAvailable via World Wide Web. _nAccess may be limited to ebrary affiliated libraries. |
||
| 650 | 0 |
_aCatfishes _xPhylogeny. |
|
| 650 | 0 | _aMacroevolution. | |
| 655 | 7 |
_aElectronic books. _2local |
|
| 710 | 2 | _aebrary, Inc. | |
| 856 | 4 | 0 |
_uhttp://site.ebrary.com/lib/rucke/Doc?id=10257790 _zAn electronic book accessible through the World Wide Web; click to view |
| 999 |
_c32102 _d32102 |
||